Normal view
MARC view
- الناصري، فنر زين حسن
Entry Personal Name
001 - CONTROL NUMBER
- control field: 13651
003 - CONTROL NUMBER IDENTIFIER
- control field: JO-AjAnu
005 - DATE AND TIME OF LATEST TRANSACTION
- control field: 20230606072501.0
008 - FIXED-LENGTH DATA ELEMENTS
- fixed length control field: 230606|| aca||aabn | a|a d
040 ## - CATALOGING SOURCE
- Original cataloging agency: JO-AjAnu
- Transcribing agency: JO-AjAnu
100 ## - HEADING--PERSONAL NAME
- Personal name: الناصري، فنر زين حسن
670 ## - SOURCE DATA FOUND
- Source citation: Work cat.: (JO-AjAnu)7022: الناصري، فنر زين حسن, author, القانون الدولي الانساني وتطبيقاته في النزاع المسلح العراقي - الايراني